| 000 | 00579nam a2200181Ia 4500 | ||
|---|---|---|---|
| 008 | 090630s9999 xx 000 0 und d | ||
| 082 | _b6919 | ||
| 100 | _aकर्णिक मधु मंगेश. | ||
| 245 |
_aअनिकेत. _cकर्णिक मधु मंगेश. |
||
| 260 |
_bसन. _c1981 |
||
| 300 | _a122 | ||
| 600 | _aकर्णिक मधु मंगेश. | ||
| 630 | _aअनिकेत. | ||
| 655 | _aलघुकथा. | ||
| 700 | _aकर्णिक मधु मंगेश. | ||
| 730 | _aअनिकेत. | ||
| 942 | _cBOOK | ||
| 999 |
_c258775 _d258775 |
||